|
|
|
|
| LEADER |
02812cam a2200517 i 4500 |
| 001 |
nkc20233568376 |
| 003 |
CZ PrNK |
| 005 |
20260402074000.0 |
| 007 |
ta |
| 008 |
251126s2025 xr a c 000 f cze d |
| 015 |
|
|
|a cnb003568376
|
| 020 |
|
|
|a 978-80-277-4036-9
|q (vázáno)
|
| 035 |
|
|
|a (OCoLC)1584375765
|
| 040 |
|
|
|a CBA001
|b cze
|d ABG001
|d ABA001
|e rda
|
| 041 |
1 |
|
|a cze
|h dan
|
| 072 |
|
7 |
|a 821.11
|x Germánské literatury
|2 Konspekt
|9 25
|
| 072 |
|
7 |
|a 821-93
|x Literatura pro děti a mládež (beletrie)
|2 Konspekt
|9 26
|
| 080 |
|
|
|a 821.113.4-34
|2 MRF
|
| 080 |
|
|
|a 821-93
|2 MRF
|
| 080 |
|
|
|a (0:82-34)
|2 MRF
|
| 100 |
1 |
|
|a Andersen, Hans Christian,
|d 1805-1875
|7 jn19990000171
|4 aut
|
| 240 |
1 |
0 |
|a Eventyr.
|l Česky
|7 aun2006372568
|
| 245 |
1 |
0 |
|a Pohádky Hanse Christiana Andersena /
|c ilustrovala Kateřina Boudriot-Bažantová ; z dánského originálu ... Samlede eventyr og historier přeložil František Fröhlich
|
| 264 |
|
1 |
|a Praha :
|b Dobrovský s.r.o.,
|c 2025
|
| 300 |
|
|
|a 367 stran :
|b barevné ilustrace ;
|c 25 cm
|
| 336 |
|
|
|a text
|b txt
|2 rdacontent
|
| 337 |
|
|
|a bez média
|b n
|2 rdamedia
|
| 338 |
|
|
|a svazek
|b nc
|2 rdacarrier
|
| 490 |
1 |
|
|a Drobek
|
| 505 |
0 |
0 |
|t Princezna na hrášku --
|t Palečka --
|t Pasáček vepřů --
|t Pohanka --
|t Divoké labutě --
|t Štupovací jehla --
|t Slavík --
|t Čajová konvice --
|t Ošklivé káčátko --
|t Sněhová královna --
|t Pastýřka a kominíček --
|t Poslední sen starého dubu --
|t Stín --
|t Je to naprosto jisté! --
|t Srdce žal --
|t Co taťka dělá, dobře dělá --
|t Sněhulák --
|t Šnek a růže --
|t Něco --
|t Smrček --
|t Křesadlo --
|t Iduščiny květiny --
|t Malá mořská víla --
|t Císařovy nové šaty --
|t Statečný cínový vojáček --
|t Létající kufr --
|t Milenci --
|t Nebyla k ničemu --
|t Zvon --
|t Děvčátko se sirkami --
|t Límec --
|t Skřítek u hokynáře --
|t Za tisíc let --
|t Pět hrášků z lusku --
|t Chrobák --
|t Ropucha --
|t Tancuj, hop, panenko má --
|t Len --
|t Zahradník a panstvo --
|t Mrzáček --
|t Běžci
|
| 520 |
2 |
|
|a Soubor známých i méně známých pohádek klasika dánské literatury s celostránkovými ilustracemi.
|
| 655 |
|
7 |
|a dánské pohádky
|7 fd132167
|2 czenas
|
| 655 |
|
7 |
|a publikace pro děti
|7 fd133156
|2 czenas
|
| 655 |
|
9 |
|a Danish fairy tales
|2 eczenas
|
| 655 |
|
9 |
|a children's literature
|2 eczenas
|
| 700 |
1 |
|
|a Bažantová Boudriot, Kateřina,
|d 1976-
|7 jo2013748102
|4 ill
|
| 700 |
1 |
|
|a Fröhlich, František,
|d 1934-2014
|7 jk01032000
|4 trl
|
| 710 |
2 |
|
|a Dobrovský (firma)
|7 olak2017946581
|4 pbl
|
| 765 |
1 |
|
|t Samlede eventyr og historier
|9 Česky
|
| 830 |
|
0 |
|a Drobek
|0 s
|
| 910 |
2 |
|
|a BOA001
|b 2-1555.647
|
| 920 |
|
|
|a 5179409
|z ABG001
|
| 990 |
|
|
|a BK
|
| 995 |
|
|
|a 01
|
| 991 |
|
|
|b 202602
|c NOV
|
| 996 |
6 |
|
|b 2611023892
|c 2-1555.647
|l MZK
|r Sklad / do 1 hodiny
|n 0
|p p.v.
|w 002031585
|u 000010
|a 1
|e BOA001
|j MZK50
|s P
|